00461nam a2200169 a 4500001001300000003000900013005001700022008004100039020002300080082001300103100002000116245005900136260003500195300000900230500003500239650001700274nice12345678IN_TiNIC20260116014511.0090116s2003 dela grp 000 0 eng  a8178241676 c25000a301bASS aAssayag, Javkie aAt Home in Disporab South Asian Scholars and the West aDelhi bPermanent Black c2003 a207p aincludes index and biblioraphy aAnthropology